Beowulf / (Record no. 423)
[ view plain ]
| 000 -LEADER | |
|---|---|
| fixed length control field | 00785cam a2200289 a 4500 |
| 005 - DATE AND TIME OF LATEST TRANSACTION | |
| control field | 20260322212019.0 |
| 008 - FIXED-LENGTH DATA ELEMENTS--GENERAL INFORMATION | |
| fixed length control field | data |
| 010 ## - LIBRARY OF CONGRESS CONTROL NUMBER | |
| LC control number | 99012770 |
| 020 ## - INTERNATIONAL STANDARD BOOK NUMBER | |
| International Standard Book Number | 0451527402 (pbk.) |
| 020 ## - INTERNATIONAL STANDARD BOOK NUMBER | |
| International Standard Book Number | 9780451527400 (pbk.) |
| 040 ## - CATALOGING SOURCE | |
| Original cataloging agency | DLC |
| Transcribing agency | DLC |
| Modifying agency | DLC |
| 041 1# - LANGUAGE CODE | |
| Language code of text/sound track or separate title | eng |
| Language code of original | ang |
| 050 00 - LIBRARY OF CONGRESS CALL NUMBER | |
| Classification number | PR1583 |
| Item number | .R33 1999 |
| 082 00 - DEWEY DECIMAL CLASSIFICATION NUMBER | |
| Classification number | 829/.3 |
| Edition information | 21 |
| 092 ## - LOCALLY ASSIGNED DEWEY CALL NUMBER (OCLC) | |
| Classification number | 829.3 R33 1999 |
| 001 - CONTROL NUMBER | |
| control field | data |
| 130 0# - MAIN ENTRY--UNIFORM TITLE | |
| Uniform title | Beowulf. |
| Language of a work | English |
| 245 10 - TITLE STATEMENT | |
| Title | Beowulf / |
| Statement of responsibility, etc. | Burton Raffel. |
| 260 ## - PUBLICATION, DISTRIBUTION, ETC. | |
| Place of publication, distribution, etc. | New York : |
| Name of publisher, distributor, etc. | Signet Classic, |
| Date of publication, distribution, etc. | 1999. |
| 300 ## - PHYSICAL DESCRIPTION | |
| Extent | 159 p. : |
| Other physical details | ill. ; |
| Dimensions | 18 cm. |
| 500 ## - GENERAL NOTE | |
| General note | Previously published: New York : New American Library, 1963. |
| 650 #0 - SUBJECT ADDED ENTRY--TOPICAL TERM | |
| Topical term or geographic name entry element | Epic poetry, English (Old) |
| 650 #0 - SUBJECT ADDED ENTRY--TOPICAL TERM | |
| Topical term or geographic name entry element | Monsters |
| Form subdivision | Poetry. |
| 650 #0 - SUBJECT ADDED ENTRY--TOPICAL TERM | |
| Topical term or geographic name entry element | Dragons |
| Form subdivision | Poetry. |
| 651 #0 - SUBJECT ADDED ENTRY--GEOGRAPHIC NAME | |
| Geographic name | Scandinavia |
| General subdivision | Poetry. |
| 700 1# - ADDED ENTRY--PERSONAL NAME | |
| Personal name | Raffel, Burton. |
| Withdrawn status | Lost status | Damaged status | Not for loan | Home library | Current library | Shelving location | Date acquired | Total checkouts | Full call number | Barcode | Date last seen | Price effective from | Koha item type |
|---|---|---|---|---|---|---|---|---|---|---|---|---|---|
| Franklin | Franklin | General stacks | 22/03/2026 | 829/.3 21 | BC0010434 | 22/03/2026 | 22/03/2026 | Books |